¡Caza de ratones en países aleatorios! - Estadísticas

Estadísticas generales
  • Esta prueba ha sido intentada 16.423 veces
  • La puntuación promedio es 6 de 10
Respuestas en el mapa
Las respuestas están codificadas por una escala verde-roja en el mapa de la prueba según el % correcto abajo.
 
Estadísticas de respuestas
País % Correcto
Brasil
98%
Rusia
98%
Argentina
97%
Canadá
97%
Estados Unidos
97%
China
96%
España
95%
Francia
95%
México
94%
Australia
93%
India
92%
Italia
92%
Perú
91%
Alemania
90%
Colombia
90%
Chile
89%
República Democrática del Congo
89%
Venezuela
89%
Ucrania
88%
Bolivia
87%
Indonesia
87%
Sudáfrica
87%
Arabia Saudita
86%
Argelia
86%
Irán
85%
Reino Unido
85%
Egipto
83%
Polonia
82%
Suecia
82%
Turquía
82%
Kazajistán
81%
Marruecos
81%
Dinamarca
80%
Paraguay
80%
Rumanía
79%
Finlandia
78%
Grecia
78%
Libia
78%
Mongolia
78%
Noruega
78%
Tailandia
78%
Austria
76%
Bielorrusia
76%
Japón
76%
Chad
74%
Etiopía
74%
Madagascar
74%
Mauritania
74%
Nicaragua
74%
Pakistán
74%
Sudán
74%
Ecuador
73%
Honduras
73%
Uruguay
73%
Cuba
72%
Guatemala
72%
Irlanda
71%
Mali
71%
Nigeria
71%
Nueva Zelanda
71%
Portugal
71%
Vietnam
71%
Guyana
70%
Surinam
70%
Afganistán
69%
Uzbekistán
69%
Yemen
69%
Níger
68%
Serbia
68%
Bahamas
67%
Croacia
67%
Filipinas
67%
Myanmar
67%
Panamá
67%
Botsuana
66%
Bulgaria
66%
Irak
66%
Angola
65%
Hungría
65%
Bosnia y Herzegovina
64%
República Dominicana
64%
Mozambique
63%
Omán
63%
República Checa
63%
Somalia
63%
Zambia
63%
Laos
62%
Malasia
62%
Papúa Nueva Guinea
62%
Tanzania
62%
Corea del Norte
61%
Lituania
61%
Namibia
61%
Nepal
61%
Letonia
60%
Sudán del Sur
60%
Suiza
60%
Turkmenistán
60%
Corea del Sur
59%
Islandia
59%
Islas Salomón
59%
Macedonia del Norte
59%
República Centroafricana
59%
Senegal
59%
Siria
59%
Zimbabue
59%
Camerún
58%
Estonia
57%
Ghana
57%
Cabo Verde
56%
Camboya
54%
Costa de Marfil
54%
Costa Rica
54%
Estados Federados de Micronesia
54%
Kenia
54%
Kiribati
54%
República del Congo
53%
Eslovaquia
52%
Guinea
52%
Jordania
52%
Kirguistán
52%
Fiyi
51%
Países Bajos
51%
Tayikistán
50%
Gabón
49%
Bangladés
47%
Tuvalu
47%
Bélgica
46%
Haití
46%
Kosovo
46%
Maldivas
46%
Mauricio
45%
Samoa
45%
Vanuatu
45%
Georgia
44%
Islas Marshall
44%
Seychelles
44%
Túnez
44%
Uganda
44%
Albania
43%
Benín
43%
Eslovenia
43%
Comoras
42%
Emiratos Árabes Unidos
42%
Israel
42%
Lesoto
41%
Malta
41%
Sierra Leona
41%
Azerbaiyán
40%
Bután
40%
Togo
40%
Santo Tomé y Príncipe
39%
Tonga
39%
Burkina Faso
38%
Moldavia
38%
Nauru
38%
Chipre
37%
Palaos
37%
Armenia
36%
Belice
36%
Eritrea
35%
Liberia
34%
Montenegro
34%
Taiwán
30%
Catar
29%
Jamaica
29%
Sri Lanka
29%
El Salvador
28%
Líbano
28%
Ruanda
28%
Eswatini
27%
Guinea-Bissau
24%
Guinea Ecuatorial
24%
Burundi
23%
Luxemburgo
23%
Malaui
21%
Kuwait
19%
Gambia
17%
Yibuti
15%
Timor Oriental
12%
Trinidad y Tobago
11%
Brunéi
8%
No se encontraron pruebas coincidentes
Distribución de puntuación
Porcentaje de gente con cada puntuación
Porcentaje por número respondido
Historial de tus puntuaciones
No has intentado esta prueba.